[Event "Niederbayernliga 0910"]
[Site "Germany"]
[Date "2010.04.11"]
[Round "9.7"]
[White "Huber, Albert"]
[Black "Boehm, Norbert"]
[Result "1/2-1/2"]
[WhiteElo "1532"]
[BlackElo "1678"]
[PlyCount "66"]
[EventDate "2009.10.18"]
[EventType "team-tourn"]
[EventRounds "9"]
[EventCountry "GER"]
[SourceTitle "EXT 2011"]
[Source "ChessBase"]
[SourceDate "2010.11.26"]
[SourceVersion "1"]
[SourceVersionDate "2010.11.26"]
[SourceQuality "1"]
[WhiteTeam "Simbach"]
[BlackTeam "Bayerwald"]
[WhiteTeamCountry "GER"]
[BlackTeamCountry "GER"]

1. e4 c5 2. Nc3 Nc6 3. g3 d6 4. Bg2 Nf6 5. d3 e6 6. Nge2 Be7 7. 0-0 0-0 8. h3 d5 9. exd5 exd5 10. Nf4 Be6 11. Nxe6 fxe6 12. Bd2 Qd7 13. a3 Rae8 14. Ne2 Kh8 15. Rc1 e5 16. Kh2 Bd6 17. c4 d4 18. Bg5 Qf5 19. Bxf6 Rxf6 20. Be4 Qc8 21. Ng1 Ref8 22. Kg2 Nd8 23. h4 Qd7 24. Nh3 h6 25. b3 b6 26. Qe2 Bb8 27. g4 Ne6 28. f3 Bc7 29. Qd2 Nf4+ 30. Nxf4 Rxf4 31. Qe2 Bd8 32. Rh1 Be7 33. Rh3 Qd8 1/2-1/2

[Event "Niederbayernliga 0607"]
[Site "Germany"]
[Date "2007.??.??"]
[Round "6.8"]
[White "Mittermaier, Johann"]
[Black "Huber, Albert"]
[Result "1-0"]
[WhiteElo "1682"]
[BlackElo "1524"]
[PlyCount "67"]
[EventDate "2006.??.??"]
[EventType "team"]
[EventRounds "9"]
[EventCountry "GER"]
[SourceTitle "EXT 2008"]
[Source "ChessBase"]
[SourceDate "2007.11.25"]
[SourceVersion "1"]
[SourceVersionDate "2007.11.25"]
[SourceQuality "1"]
[WhiteTeam "Vilshofen"]
[BlackTeam "Simbach"]
[WhiteTeamCountry "GER"]
[BlackTeamCountry "GER"]

1. e4 e6 2. d4 d5 3. Nc3 Nf6 4. e5 Nfd7 5. Qg4 c5 6. Be3 cxd4 7. Bxd4 a6 8. f4 Nc6 9. Bf2 b5 10. a3 f5 11. exf6 Nxf6 12. Qg5 d4 13. Rd1 Be7 14. Nf3 Nd5 15. Qxg7 Bf6 16. Qh6 dxc3 17. Ne5 Nxe5 18. fxe5 Be7 19. Be2 Bg5 20. Qg7 Bd2+ 21. Kf1 Qg5 22. Qxh8+ Kd7 23. Qxh7+ Kc6 24. bxc3 Bxc3 25. Qh5 Qf4 26. Bf3 Bd7 27. Bxd5+ exd5 28. Qg6+ Kc7 29. Qd6+ Kd8 30. Qxd5 Qc4+ 31. Qxc4 bxc4 32. e6 Ke7 33. exd7 Rd8 34. Bh4+ 1-0

[Event "Niederbayernliga 0506"]
[Site "Germany"]
[Date "2006.??.??"]
[Round "8"]
[White "Huber, Albert"]
[Black "Hacker, Alfons"]
[Result "0-1"]
[WhiteElo "1633"]
[BlackElo "1783"]
[PlyCount "82"]
[EventDate "2005.??.??"]
[EventType "team"]
[EventRounds "9"]
[EventCountry "GER"]
[SourceTitle "EXT 2008"]
[Source "ChessBase"]
[SourceDate "2007.11.25"]
[SourceVersion "1"]
[SourceVersionDate "2007.11.25"]
[SourceQuality "1"]
[WhiteTeam "Simbach"]
[BlackTeam "Deggendorf"]
[WhiteTeamCountry "GER"]
[BlackTeamCountry "GER"]

1. d4 Nf6 2. Nf3 e6 3. e3 b6 4. Bd3 Bb7 5. Nbd2 d5 6. 0-0 Bd6 7. c3 Nbd7 8. h3 0-0 9. Ne1 e5 10. dxe5 Nxe5 11. Be2 Qe7 12. Ndf3 Ng6 13. Nd4 Qd7 14. Qc2 Ne4 15. f4 c5 16. Ndf3 a6 17. Nd3 Rae8 18. Nf2 Ng3 19. Re1 Re7 20. Bd3 Rfe8 21. Bd2 c4 22. Bxg6 hxg6 23. Rad1 Nf5 24. Qc1 b5 25. Nd4 Bc5 26. Ng4 Ng3 27. Nf2 Qd6 28. Ng4 Bxd4 29. exd4 Ne2+ 30. Rxe2 Rxe2 31. Ne5 Bc8 32. g4 Re4 33. Rf1 Qb6 34. Kg2 b4 35. Kf3 a5 36. h4 Qf6 37. Rh1 Qe6 38. Qg1 f6 39. Nxg6 Re2 40. Bc1 Qe4+ 41. Kg3 Qd3+ 0-1

[Event "Niederbayernliga 0405"]
[Site "Germany"]
[Date "2005.??.??"]
[Round "8"]
[White "Doerfler, Egon"]
[Black "Huber, Albert"]
[Result "1/2-1/2"]
[WhiteElo "1760"]
[BlackElo "1634"]
[PlyCount "40"]
[EventDate "2004.??.??"]
[EventType "team"]
[EventRounds "9"]
[EventCountry "GER"]
[SourceTitle "EXT 2008"]
[Source "ChessBase"]
[SourceDate "2007.11.25"]
[SourceVersion "1"]
[SourceVersionDate "2007.11.25"]
[SourceQuality "1"]
[WhiteTeam "Deggendorf"]
[BlackTeam "Simbach"]
[WhiteTeamCountry "GER"]
[BlackTeamCountry "GER"]

1. e4 e6 2. d4 d5 3. e5 c5 4. c3 Nc6 5. Nf3 cxd4 6. cxd4 Qb6 7. a3 Nh6 8. Nc3 Nf5 9. Bb5 Bd7 10. Bxc6 Bxc6 11. 0-0 Be7 12. Re1 0-0 13. Ne2 Qd8 14. Ng3 Nxg3 15. hxg3 a5 16. b3 h6 17. Nh2 Bd7 18. Ng4 f5 19. exf6 Bxf6 20. Qd3 Qe8 1/2-1/2

[Event "Niederbayernliga 0405"]
[Site "Germany"]
[Date "2005.??.??"]
[Round "7"]
[White "Heidgen, Andreas"]
[Black "Huber, Albert"]
[Result "1/2-1/2"]
[WhiteElo "1839"]
[BlackElo "1634"]
[PlyCount "27"]
[EventDate "2004.??.??"]
[EventType "team"]
[EventRounds "9"]
[EventCountry "GER"]
[SourceTitle "EXT 2008"]
[Source "ChessBase"]
[SourceDate "2007.11.25"]
[SourceVersion "1"]
[SourceVersionDate "2007.11.25"]
[SourceQuality "1"]
[WhiteTeam "Straubing"]
[BlackTeam "Simbach"]
[WhiteTeamCountry "GER"]
[BlackTeamCountry "GER"]

1. e4 e6 2. d4 d5 3. exd5 exd5 4. Bd3 Bd6 5. Nf3 Ne7 6. 0-0 Bg4 7. Re1 h6 8. c3 c6 9. Be3 Nd7 10. Nbd2 0-0 11. Qc2 Qc7 12. b3 Rae8 13. Rac1 Bf4 14. Ne5 1/2-1/2

[Event "Niederbayernliga 0506"]
[Site "Germany"]
[Date "2005.??.??"]
[Round "4"]
[White "Huber, Albert"]
[Black "Grum, Theodor"]
[Result "0-1"]
[WhiteElo "1633"]
[BlackElo "1634"]
[PlyCount "52"]
[EventDate "2005.??.??"]
[EventType "team"]
[EventRounds "9"]
[EventCountry "GER"]
[SourceTitle "EXT 2008"]
[Source "ChessBase"]
[SourceDate "2007.11.25"]
[SourceVersion "1"]
[SourceVersionDate "2007.11.25"]
[SourceQuality "1"]
[WhiteTeam "Simbach"]
[BlackTeam "Grafenau"]
[WhiteTeamCountry "GER"]
[BlackTeamCountry "GER"]

1. e4 c5 2. Nc3 g6 3. g3 Bg7 4. Nge2 Nc6 5. Bg2 b6 6. d3 Bb7 7. 0-0 e6 8. f4 d6 9. Rb1 Nf6 10. e5 dxe5 11. fxe5 Ng4 12. d4 cxd4 13. Nxd4 Qxd4+ 14. Qxd4 Nxd4 15. Bxb7 Rd8 16. Bg5 Rd7 17. Be4 Nxe5 18. Rbd1 0-0 19. Be3 Rfd8 20. Bd3 Nxd3 21. Rxd3 Nxc2 22. Rxd7 Rxd7 23. Bf2 Bxc3 24. bxc3 Rd3 25. Rc1 Rxc3 26. Bd4 Nxd4 0-1

[Event "Niederbayernliga 0304"]
[Site "Germany"]
[Date "2004.??.??"]
[Round "5"]
[White "Bock, Ortwin"]
[Black "Huber, Albert"]
[Result "1-0"]
[WhiteElo "1877"]
[BlackElo "1620"]
[PlyCount "81"]
[EventDate "2003.??.??"]
[EventType "team"]
[EventRounds "9"]
[EventCountry "GER"]
[SourceTitle "EXT 2008"]
[Source "ChessBase"]
[SourceDate "2007.11.25"]
[SourceVersion "1"]
[SourceVersionDate "2007.11.25"]
[SourceQuality "1"]
[WhiteTeam "Landshut"]
[BlackTeam "Simbach"]
[WhiteTeamCountry "GER"]
[BlackTeamCountry "GER"]

1. e4 e6 2. c4 d5 3. cxd5 exd5 4. Qb3 dxe4 5. Bc4 Qe7 6. Nc3 c6 7. d3 Nf6 8. dxe4 Nbd7 9. Be3 Ne5 10. Be2 Be6 11. Qa4 Qb4 12. Qxb4 Bxb4 13. f3 0-0 14. Bd4 Ned7 15. Nh3 Bxh3 16. gxh3 Rfe8 17. 0-0-0 g6 18. Rhg1 Bc5 19. Rg5 Bxd4 20. Rxd4 h6 21. Rg1 Nf8 22. Rd6 Nh5 23. Bc4 Kg7 24. Ne2 Rad8 25. Rgd1 Rxd6 26. Rxd6 Re7 27. Kd2 Rd7 28. Rxd7 Nxd7 29. f4 Ndf6 30. Ke3 Kf8 31. e5 Nd7 32. Ng3 Nxg3 33. hxg3 Ke7 34. Kd4 b5 35. Be2 a6 36. b4 h5 37. Bf3 Nb8 38. Kc5 Kd7 39. Kb6 Ke7 40. Bxc6 Nxc6 41. Kxc6 1-0

[Event "Niederbayernliga 0203"]
[Site "Germany"]
[Date "2003.??.??"]
[Round "8.6"]
[White "Bacholke, Michael"]
[Black "Huber, Albert"]
[Result "1-0"]
[WhiteElo "1869"]
[BlackElo "1616"]
[PlyCount "79"]
[EventDate "2002.??.??"]
[EventType "team"]
[EventRounds "9"]
[EventCountry "GER"]
[SourceTitle "EXT 2008"]
[Source "ChessBase"]
[SourceDate "2007.11.25"]
[SourceVersion "1"]
[SourceVersionDate "2007.11.25"]
[SourceQuality "1"]
[WhiteTeam "Deggendorf"]
[BlackTeam "Simbach"]
[WhiteTeamCountry "GER"]
[BlackTeamCountry "GER"]

1. e4 e6 2. d3 d5 3. Nd2 c5 4. Ngf3 Nc6 5. g3 Nf6 6. Bg2 Be7 7. 0-0 0-0 8. Re1 dxe4 9. dxe4 Bd7 10. c3 e5 11. Nc4 Qc7 12. Nfxe5 Nxe5 13. Bf4 Rad8 14. Bxe5 Qc8 15. Qc2 Bh3 16. Bf4 Bxg2 17. Kxg2 Qe6 18. b3 Nh5 19. Be3 b6 20. f3 g5 21. Rad1 f6 22. Rxd8 Rxd8 23. Rd1 Kf8 24. Rxd8+ Bxd8 25. Qd3 Ke7 26. e5 Qf7 27. Qe4 Kf8 28. Nd6 Qd7 29. b4 fxe5 30. bxc5 Bf6 31. Nc4 Qd1 32. cxb6 axb6 33. Nxe5 Qe2+ 34. Kh3 Qf1+ 35. Kg4 Bxe5 36. Qxe5 Qc4+ 37. Kxh5 Qf7+ 38. Kxg5 Qg6+ 39. Kf4 Qf7+ 40. Qf5 1-0

[Event "Niederbayernliga 0203"]
[Site "Germany"]
[Date "2003.??.??"]
[Round "7.7"]
[White "Huber, Albert"]
[Black "Fischer, Semen"]
[Result "1-0"]
[WhiteElo "1616"]
[BlackElo "1691"]
[PlyCount "57"]
[EventDate "2002.??.??"]
[EventType "team"]
[EventRounds "9"]
[EventCountry "GER"]
[SourceTitle "EXT 2008"]
[Source "ChessBase"]
[SourceDate "2007.11.25"]
[SourceVersion "1"]
[SourceVersionDate "2007.11.25"]
[SourceQuality "1"]
[WhiteTeam "Simbach"]
[BlackTeam "Ergolding"]
[WhiteTeamCountry "GER"]
[BlackTeamCountry "GER"]

1. e4 c5 2. Nc3 Nc6 3. g3 e5 4. Bg2 Nf6 5. d3 Be7 6. Nge2 d6 7. 0-0 0-0 8. Bd2 d5 9. Nxd5 Nxd5 10. exd5 Nd4 11. Nxd4 cxd4 12. f4 f6 13. fxe5 fxe5 14. Qh5 Bf6 15. Be4 g6 16. Bxg6 hxg6 17. Qxg6+ Bg7 18. Rxf8+ Qxf8 19. Rf1 Qxf1+ 20. Kxf1 Bh3+ 21. Ke2 Rf8 22. Bh6 Rf7 23. Bxg7 Bf1+ 24. Ke1 Bxd3 25. cxd3 Rxg7 26. Qxg7+ Kxg7 27. Kf2 Kf6 28. Kf3 b5 29. b4 1-0

[Event "Niederbayernliga 0304"]
[Site "Germany"]
[Date "2003.??.??"]
[Round "3"]
[White "Klinge, Andreas"]
[Black "Huber, Albert"]
[Result "1-0"]
[WhiteElo "1748"]
[BlackElo "1620"]
[PlyCount "77"]
[EventDate "2003.??.??"]
[EventType "team"]
[EventRounds "9"]
[EventCountry "GER"]
[SourceTitle "EXT 2008"]
[Source "ChessBase"]
[SourceDate "2007.11.25"]
[SourceVersion "1"]
[SourceVersionDate "2007.11.25"]
[SourceQuality "1"]
[WhiteTeam "Eggenfelden"]
[BlackTeam "Simbach"]
[WhiteTeamCountry "GER"]
[BlackTeamCountry "GER"]

1. Nf3 Nf6 2. g3 d5 3. c4 e6 4. Bg2 c6 5. b3 Nbd7 6. Bb2 Be7 7. 0-0 0-0 8. d4 Re8 9. Nbd2 Bd6 10. Ne5 Nf8 11. Rc1 N6d7 12. e4 Bxe5 13. dxe5 Nb6 14. exd5 cxd5 15. Qe2 Re7 16. Rfd1 Rc7 17. Ba3 Ng6 18. Bd6 Rc6 19. c5 Nd7 20. b4 b5 21. Qxb5 Ra6 22. f4 Rxa2 23. Qd3 a5 24. b5 a4 25. Qb1 Rxd2 26. Rxd2 Qa5 27. Ra2 a3 28. Qb3 Qa4 29. Qxa4 Rxa4 30. Rca1 Rc4 31. c6 Nb6 32. Rxa3 Nf8 33. Bc7 Nbd7 34. cxd7 Bxd7 35. b6 Bc6 36. Rb1 g6 37. b7 Nd7 38. b8Q+ Nxb8 39. Rxb8+ 1-0

[Event "Regionalliga SO 9899"]
[Site "Bayern"]
[Date "1999.??.??"]
[Round "9.7"]
[White "Hecht, Christoph"]
[Black "Huber, Albert"]
[Result "1-0"]
[WhiteElo "1870"]
[BlackElo "1573"]
[PlyCount "41"]
[EventDate "1998.??.??"]
[EventType "team-tourn"]
[EventRounds "9"]
[EventCountry "GER"]
[SourceTitle "EXT 2020"]
[Source "ChessBase"]
[SourceDate "2019.10.17"]
[SourceVersion "1"]
[SourceVersionDate "2019.10.17"]
[SourceQuality "1"]
[WhiteTeam "Fuerstenfeldbruck TuS"]
[BlackTeam "Simbach"]
[WhiteTeamCountry "GER"]
[BlackTeamCountry "GER"]

1. d4 Nf6 2. c4 e5 3. dxe5 Ng4 4. Bf4 Bc5 5. e3 h5 6. h3 g5 7. hxg4 gxf4 8. exf4 d6 9. Nc3 c6 10. gxh5 Bf5 11. Nf3 Qb6 12. Qd2 Na6 13. a3 Qa5 14. Bd3 Bxd3 15. Qxd3 Nb4 16. Qf5 Qb6 17. 0-0 Nd3 18. Ne4 Nxf2 19. Nxf2 Qxb2 20. Rae1 d5 21. e6 1-0

[Event "Regionalliga SO 9899"]
[Site "Bayern"]
[Date "1998.??.??"]
[Round "1.6"]
[White "Danzer, George"]
[Black "Huber, Albert"]
[Result "1-0"]
[WhiteElo "1910"]
[BlackElo "1573"]
[PlyCount "58"]
[EventDate "1998.??.??"]
[EventType "team-tourn"]
[EventRounds "9"]
[EventCountry "GER"]
[SourceTitle "EXT 2020"]
[Source "ChessBase"]
[SourceDate "2019.10.17"]
[SourceVersion "1"]
[SourceVersionDate "2019.10.17"]
[SourceQuality "1"]
[WhiteTeam "Dorfen PSV"]
[BlackTeam "Simbach"]
[WhiteTeamCountry "GER"]
[BlackTeamCountry "GER"]

1. e4 e6 2. d3 d5 3. Nd2 Nf6 4. g3 dxe4 5. dxe4 e5 6. Ngf3 Nc6 7. c3 a5 8. Bg2 Bc5 9. 0-0 0-0 10. Qc2 Qe7 11. a4 Ba7 12. Nc4 Qc5 13. Ne3 Rd8 14. b3 b5 15. axb5 Qxb5 16. Nd5 Bb6 17. Rd1 Qa6 18. Ne7+ Kh8 19. Nxc6 Bxf2+ 20. Kxf2 Rxd1 21. Qxd1 Qb6+ 22. Ke1 Ba6 23. Ncxe5 Kg8 24. Ra4 c5 25. Nd2 Rd8 26. Qf3 Bb5 27. Nec4 Qc7 28. Rxa5 Rxd2 29. Bxd2 Bxc4 1-0

[Event "Regionalliga SO 9899"]
[Site "Bayern"]
[Date "1998.??.??"]
[Round "2.7"]
[White "Hartmann, Karl Heinz"]
[Black "Huber, Albert"]
[Result "1-0"]
[WhiteElo "1907"]
[BlackElo "1573"]
[PlyCount "95"]
[EventDate "1998.??.??"]
[EventType "team-tourn"]
[EventRounds "9"]
[EventCountry "GER"]
[SourceTitle "EXT 2020"]
[Source "ChessBase"]
[SourceDate "2019.10.17"]
[SourceVersion "1"]
[SourceVersionDate "2019.10.17"]
[SourceQuality "1"]
[WhiteTeam "Ebersberg Grafing"]
[BlackTeam "Simbach"]
[WhiteTeamCountry "GER"]
[BlackTeamCountry "GER"]

1. e4 e6 2. d4 d5 3. Nd2 c5 4. exd5 Qxd5 5. Ndf3 cxd4 6. Qxd4 Ne7 7. Bc4 Qxd4 8. Nxd4 Bd7 9. Be3 a6 10. Ngf3 Nbc6 11. 0-0-0 0-0-0 12. Nxc6 Nxc6 13. Bb6 Be7 14. Bxd8 Rxd8 15. Rhe1 Bf6 16. c3 Be8 17. g3 h6 18. h4 Rxd1+ 19. Rxd1 Ne5 20. Nxe5 Bxe5 21. Re1 Bf6 22. Kc2 Kc7 23. b4 Bc6 24. Kb3 b5 25. Bd3 Kb6 26. Be4 Bd7 27. Rd1 Kc7 28. c4 bxc4+ 29. Kxc4 Bb5+ 30. Kb3 e5 31. a4 Bd7 32. Bd5 Be8 33. Kc4 Bxa4 34. Ra1 Bb5+ 35. Kb3 Kb6 36. Bxf7 e4 37. Rd1 Be2 38. Rd2 Bd3 39. Bc4 Bxc4+ 40. Kxc4 Kc6 41. Ra2 Kb6 42. Re2 a5 43. b5 a4 44. Rxe4 a3 45. Re6+ Kb7 46. Kb3 Bb2 47. Ra6 Kc7 48. Rxa3 1-0

[Event "Regionalliga SO 9899"]
[Site "Bayern"]
[Date "1998.??.??"]
[Round "3.5"]
[White "Huber, Albert"]
[Black "Huber, Hans"]
[Result "0-1"]
[WhiteElo "1573"]
[BlackElo "2008"]
[PlyCount "72"]
[EventDate "1998.??.??"]
[EventType "team-tourn"]
[EventRounds "9"]
[EventCountry "GER"]
[SourceTitle "EXT 2020"]
[Source "ChessBase"]
[SourceDate "2019.10.17"]
[SourceVersion "1"]
[SourceVersionDate "2019.10.17"]
[SourceQuality "1"]
[WhiteTeam "Simbach"]
[BlackTeam "Trostberg TSV"]
[WhiteTeamCountry "GER"]
[BlackTeamCountry "GER"]

1. d4 Nf6 2. Nf3 d6 3. Bf4 g6 4. Nc3 Bg7 5. Qd2 c6 6. e4 0-0 7. Bh6 Qa5 8. Bxg7 Kxg7 9. h3 Nbd7 10. Be2 e5 11. a3 Re8 12. b4 Qc7 13. d5 cxd5 14. exd5 a6 15. 0-0 b6 16. Ng5 h6 17. Nge4 Nxe4 18. Nxe4 f5 19. Ng3 Nf6 20. Rfd1 Bb7 21. c4 Rac8 22. Qd3 Qd7 23. Rac1 Qd8 24. f3 Nd7 25. Nxf5+ gxf5 26. Qxf5 Nf8 27. Bd3 Qg5 28. Qe4 Qf4 29. Re1 Qxe4 30. Bxe4 Rc7 31. Kf2 Nd7 32. Rc2 Nf6 33. Rec1 Rf7 34. Ke3 Nd7 35. Kd3 Ref8 36. Ke3 Kf6 0-1